विद्यालय प्रशासन एवं संगठन / (Record no. 18660)

MARC details
000 -LEADER
fixed length control field 01308nam a22002657a 4500
005 - DATE AND TIME OF LATEST TRANSACTION
control field 20081117123210.0
008 - FIXED-LENGTH DATA ELEMENTS--GENERAL INFORMATION
fixed length control field 081117t xxu||||| |||| 00| 0 hin d
010 ## - LCCN (DPL NO)
LC control number HIN-85044
020 ## - INTERNATIONAL STANDARD BOOK NUMBER
Terms of availability 250.00
International Standard Book Number 8189462695
035 ## - SYSTEM CONTROL NUMBER
System control number HN-57390
037 ## - SOURCE OF ACQUISITION
Source of stock number/acquisition DBAD / PUB
040 ## - CATALOGING SOURCE
Original cataloging agency DPL
Language of cataloging HN
082 ## - DEWEY DECIMAL CLASSIFICATION NUMBER
Classification number 371.2
100 ## - MAIN ENTRY--PERSONAL NAME
Personal name सतीश कुमार
245 ## - TITLE STATEMENT
Title विद्यालय प्रशासन एवं संगठन /
Statement of responsibility, etc सतीश कुमार
246 ## - VARYING FORM OF TITLE
Title proper/short title Vidhyaalaya prashaashana evam sangathana
Remainder of title by Satish Kumar
260 ## - PUBLICATION, DISTRIBUTION, ETC. (IMPRINT)
Place of publication, distribution, etc जयपुर
Name of publisher, distributor, etc अपोलो प्रकाशन
Date of publication, distribution, etc 2008
270 ## - ADDRESS
Address 25, सिद्धेश्वर महादेव ान्दिर के पीछे, पिंकसिटी मार्केट, राजापार्क,
City जयपुर
300 ## - PHYSICAL DESCRIPTION
Extent 168 पृ
Dimensions 22सेमी (सजिल्द)
650 ## - SUBJECT ADDED ENTRY--TOPICAL TERM
Topical term or geographic name as entry element विद्यालय प्रबंध एवं संगठन
Geographic subdivision भारत
650 ## - SUBJECT ADDED ENTRY--TOPICAL TERM
Topical term or geographic name as entry element School management and oranisation
Geographic subdivision India
700 ## - ADDED ENTRY--PERSONAL NAME
Personal name
942 ## - ADDED ENTRY ELEMENTS (KOHA)
Source of classification or shelving scheme Dewey Decimal Classification
Item type Hindi Books
Call number suffix सतीश
Classification part 371.2
Holdings
Withdrawn status Lost status Source of classification or shelving scheme Damaged status Not for loan Home library Current library Date acquired Cost, normal purchase price Total Checkouts Full call number Barcode Date last seen Copy number Cost, replacement price Koha item type
    Dewey Decimal Classification   Not For Loan D.B.Act.Division D.B.Act.Division 19/11/2008 250.00   371.2 सतीश HN-57390 19/11/2008 1 250.00 Hindi Books

© Delhi Public Library
Hit Counter
free hit counter